000 00309nam a22001337a 4500
008 170926b xxu||||| |||| 00| 0 eng d
020 _a9780130870247
041 _aeng
080 _23 ED
_a37
100 _a46
101 _aEDU
245 _aBRIEF HANDBOOK FOR WRITERS
_cHOWELL.J.F
942 _2udc
_cBK
999 _c29826
_d29826